Web Technologies (Record no. 356953)

MARC details
000 -LEADER
fixed length control field 00360 a2200145 4500
005 - DATE AND TIME OF LATEST TRANSACTION
control field 20240925141735.0
008 - FIXED-LENGTH DATA ELEMENTS--GENERAL INFORMATION
fixed length control field 240306b |||||||| |||| 00| 0 eng d
020 ## - INTERNATIONAL STANDARD BOOK NUMBER
International Standard Book Number 9788131717158
041 ## - LANGUAGE CODE
Language code of text/sound track or separate title eng
100 ## - MAIN ENTRY--PERSONAL NAME
Author Jackson J.C.
245 ## - TITLE STATEMENT
Title Web Technologies
Statement of responsibility, etc. Computer Science Perspective
260 ## - PUBLICATION, DISTRIBUTION, ETC.
Name of publisher, distributor, etc. Pearson
Date of publication, distribution, etc. 2007
300 ## - PHYSICAL DESCRIPTION
Extent 590
942 ## - ADDED ENTRY ELEMENTS (KOHA)
Koha item type Books
Holdings
Withdrawn status Lost status Source of classification or shelving scheme Damaged status Not for loan Home library Current library Date acquired Vendor Net Price Total Checkouts Full call number Barcode Date last seen Date last checked out Actual Price Bill Date Koha item type
    Dewey Decimal Classification     Cummins College of Engineering for Women Pune Cummins College of Engineering for Women Pune 08/02/2024 149 648.75 3 005.678 JAC CCEP-BK-66138 12/02/2026 10/02/2026 865.00 08/02/2024 Books
    Dewey Decimal Classification     Cummins College of Engineering for Women Pune Cummins College of Engineering for Women Pune 11/12/2025 149 712.50 2 005.678 JAC CCEP-BK-69996 23/02/2026 10/02/2026 950.00 11/12/2025 Books